MACROECONOMICS AN OPEN ECONOMY APPROACH (Record no. 8608)
[ view plain ]
| 000 -LEADER | |
|---|---|
| fixed length control field | 00346nam a2200133Ia 4500 |
| 008 - FIXED-LENGTH DATA ELEMENTS--GENERAL INFORMATION | |
| fixed length control field | 240624s9999 xx 000 0 und d |
| 041 ## - LANGUAGE CODE | |
| Language code of text/sound track or separate title | eng |
| 082 ## - DEWEY DECIMAL CLASSIFICATION NUMBER | |
| Classification number | 339 PEN |
| 100 ## - MAIN ENTRY--PERSONAL NAME | |
| Personal name | PENTECOST ERIC |
| 245 ## - TITLE STATEMENT | |
| Title | MACROECONOMICS AN OPEN ECONOMY APPROACH |
| 260 ## - PUBLICATION, DISTRIBUTION, ETC. | |
| Date of publication, distribution, etc. | 2002 |
| Place of publication, distribution, etc. | New Delhi |
| Name of publisher, distributor, etc. | Macmillan |
| 300 ## - PHYSICAL DESCRIPTION | |
| Extent | xi, : 414 : p. : cm. ; 23 |
| 365 ## - TRADE PRICE | |
| Currency code | BPS |
| Price amount | 28 |
| Withdrawn status | Lost status | Damaged status | Not for loan | Home library | Current library | Shelving location | Date acquired | Source of acquisition | Cost, normal purchase price | Total Holds | Full call number | Barcode | Date last seen | Copy number | Price effective from | Koha item type |
|---|---|---|---|---|---|---|---|---|---|---|---|---|---|---|---|---|
| IMTN | IMTN | Rack 14-A | 04/09/2008 | IBH | 5.50 | 2829 | 339 PEN | 8608 | 06/24/2024 | 79.41 | 06/24/2024 | Books |